| 000 | 01734nam a2200421Ii 4500 | ||
|---|---|---|---|
| 001 | DIGVISR0055 | ||
| 003 | NyNyDIG | ||
| 008 | 140616s2004 sp ob 000 0 spa d | ||
| 006 | m o d | ||
| 007 | cr ||||||||||| | ||
| 040 |
_aDGITA _beng _erda _epn _cDGITA |
||
| 020 | _z8475228704 | ||
| 020 | _z9788475228709 | ||
| 035 | _a(OCoLC)607397325 | ||
| 050 | 1 | 4 | _aPQ6613.I3916 eBook |
| 100 | 1 |
_aEgea, Juan F., _eauthor. |
|
| 245 | 1 | 3 |
_aLa poesía del nosotros : _bJaime Gil de Biedma y la secuencia lírica moderna / _cJuan F. Egea. |
| 264 | 1 |
_aMadrid : _bVisor Libros, _c[2004?] |
|
| 300 | _a1 online resource (162 pages) | ||
| 336 |
_atext _btxt _2rdacontent |
||
| 337 |
_acomputer _bc _2rdamedia |
||
| 338 |
_aonline resource _bcr _2rdacarrier |
||
| 490 | 1 |
_aBiblioteca filológica hispana ; _v70 |
|
| 504 | _aIncludes bibliographical references (pages [151]-162). | ||
| 588 | 0 | _aOnline resource; title from ePub and PDF title page (Digitalia, viewed June 20, 2014) | |
| 600 | 1 | 0 |
_aGil de Biedma, Jaime, _d1929-1990 _xCriticism and interpretation. |
| 600 | 1 | 0 |
_aGil de Biedma, Jaime, _d1929-1990 _xLiterary style. |
| 600 | 1 | 0 |
_aGil de Biedma, Jaime, _d1929-1990. _tPersonas del verbo. |
| 650 | 0 |
_aLyric poetry _xHistory and criticism. |
|
| 655 | 0 | _aElectronic books. | |
| 791 | 2 |
_aDigitalia (Firm), _edistributor. |
|
| 793 | 0 |
_gDigitalia eBook Collection: _aVisor Libros. |
|
| 776 | 0 | 8 |
_iPrint version: _aEgea, Juan F. _tPoesía del nosotros. _dMadrid : Visor Libros, [2004?] _z8475228704 _w(DLC) 2005372011 _w(OCoLC)55237250 |
| 830 | 0 |
_aBiblioteca filológica hispana ; _v70. |
|
| 856 | 4 | 0 |
_3Digitalia Hispánica _uhttps://www.digitaliapublishing.com/a/24122/ |
| 910 | _aPremium Collection: 2014 | ||
| 942 | _cRAA | ||
| 999 |
_c238148 _d238148 |
||